Statistics for San Francisco 49ers: Most Passing TDs Each Year

Click here to take the quiz!

General Stats

  • This quiz has been taken 474 times
    (276 since last reset)
  • The average score is 42 of 77

Answer Stats

YearPlayerTDs% Correct
2022Jimmy Garoppolo16
98%
2021Jimmy Garoppolo20
98%
2019Jimmy Garoppolo27
98%
2017Jimmy Garoppolo7
98%
1980Joe Montana15
98%
1990Joe Montana26
98%
1989Joe Montana26
98%
1988Joe Montana18
98%
1987Joe Montana31
98%
1985Joe Montana27
98%
1983Joe Montana26
98%
1982Joe Montana17
98%
1981Joe Montana19
98%
1984Joe Montana28
98%
1991Steve Young17
97%
1998Steve Young36
97%
1993Steve Young29
97%
1994Steve Young35
97%
1995Steve Young20
97%
1996Steve Young14
97%
1997Steve Young19
97%
1992Steve Young25
97%
2013Colin Kaepernick21
88%
2014Colin Kaepernick19
88%
2016Colin Kaepernick16
88%
2011Alex Smith17
76%
2010Alex Smith14
76%
2009Alex Smith18
76%
2006Alex Smith16
76%
2012Alex Smith13
76%
2002Jeff Garcia21
64%
2001Jeff Garcia32
64%
2000Jeff Garcia31
64%
1999Jeff Garcia11
64%
2003Jeff Garcia18
64%
2018Nick Mullens13
54%
2020Nick Mullens12
54%
1961John Brodie14
36%
1960John Brodie6
36%
1969John Brodie16
36%
1968John Brodie22
36%
1970John Brodie24
36%
1967John Brodie11
36%
1971John Brodie18
36%
1966John Brodie16
36%
1962John Brodie18
36%
1965John Brodie30
36%
1964John Brodie14
36%
1955Y.A. Tittle17
35%
1959Y.A. Tittle10
35%
1958Y.A. Tittle9
35%
1957Y.A. Tittle13
35%
1956Y.A. Tittle7
35%
1951Y.A. Tittle8
35%
1952Y.A. Tittle11
35%
1953Y.A. Tittle20
35%
1954Y.A. Tittle9
35%
2015Blaine Gabbert10
30%
1979Steve DeBerg17
23%
1978Steve DeBerg8
23%
1976Jim Plunkett13
17%
1977Jim Plunkett9
17%
2008Shaun Hill13
14%
1973Steve Spurrier4
14%
1972Steve Spurrier18
14%
2004Tim Rattay10
14%
2005Tim Rattay5
14%
1950Frankie Albert14
13%
1949Frankie Albert27
13%
1947Frankie Albert18
13%
1948Frankie Albert29
13%
1946Frankie Albert14
13%
2007Trent Dilfer7
12%
1986Jeff Kemp11
8%
1975Norm Snead9
7%
1974Tom Owen10
6%
1963Lamar McHan8
4%

Score Distribution

Percentile by Number Answered

Percent of People with Each Score

Your Score History

You have not taken this quiz since the last reset